Test-playing Nations - Statistics

General Stats
  • This quiz has been taken 584 times
  • The average score is 10 of 12
Answer Stats
Years Played Country % Correct
1932- India
99%
1877- Australia
98%
1930- New Zealand
97%
1952- Pakistan
97%
1877- England
94%
2000- Bangladesh
90%
1889-1970, 1991- South Africa
89%
2018- Ireland
86%
1982- Sri Lanka
84%
1928- West Indies
71%
2018- Afghanistan
70%
1992-2006, 2010- Zimbabwe
60%
No matching quizzes found
Score Distribution
Percent of People with Each Score
Percentile by Number Answered
Your Score History
You have not taken this quiz